Tekst piosenki "Zawsze tam gdzie ty" - Statystyki

Ogólne statystyki
  • Ten quiz został rozwiązany 5 973 razy
  • Średni wynik to 48 z 58
Statystyki odpowiedzi
Tekst: Brakujące Słowa: % Poprawnych
Zawsze tam ... ty Gdzie
96%
Zawsze tam ... ty Gdzie
96%
Zawsze tam ... ty Gdzie
96%
Zawsze tam ... ty Gdzie
96%
Zawsze tam ... ty Gdzie
96%
Zawsze tam ... ty, je. Gdzie
96%
Każdą ... złotą Nocą
93%
Każdą ... złotą Nocą
93%
Każdą ... złotą Nocą
93%
Być ... Tam
93%
Być ... Tam
93%
Być ... Tam
93%
Być ... Tam
93%
Być ... Tam
93%
Być ... Tam
93%
Są ... po to Tylko
93%
Są ... po to Tylko
93%
Są ... po to Tylko
93%
By do ciebie ... Wracać
93%
By do ciebie ... Wracać
93%
By do ciebie ... Wracać
93%
Już teraz wiem że ... Dni
92%
Już teraz wiem że ... Dni
92%
Już teraz wiem że ... Dni
92%
Co mają ... większy sens Jakiś
91%
Co mają ... większy sens Jakiś
91%
Co mają ... większy sens Jakiś
91%
Nie znam ... Słów
90%
Nie znam ... Słów
90%
Nie znam ... Słów
90%
Jeśli tylko ... Jedno
89%
Jeśli tylko ... Jedno
89%
Jeśli tylko ... Jedno
89%
Jedno tylko ... Wiem
89%
Jedno tylko ... Wiem
89%
Jedno tylko ... Wiem
89%
Zamienię każdy ... Oddech
82%
To za ... lat Tysiąc
82%
Nie pytaj mnie o ... Jutro
80%
Tam gdzie masz swój ... Świat
79%
W ... wiatr Niespokojny
78%
Poskładam wszystkie ... Szepty
78%
... zabrał mnie z powrotem By
77%
W jeden ... krzyk Ciepły
76%
W jeden ... krzyk Ciepły
76%
By wysuszyły... Łzy
73%
... we własnym niebie Spać
73%
... we własnym niebie Spać
73%
I wracać znów do ... Ciebie
72%
... białą łódką Płyniemy
72%
Gdzie ... sny Pochowałaś
65%
Budzić się i ... Chodzić
61%
Budzić się i ... Chodzić
61%
Poskładam ... szepty Nasze
60%
W ... czas Niezbadany
53%
By już nie ... nam Uciekły
49%
Żeby ... Cię aż tam Znalazł
37%
... się co świt Żegnać
28%
Nie znaleziono quizów pasujących do podanych kryteriów
Rozkład punktacji
Procent ludzi z każdym wynikiem
Percentyl według liczby udzielonych odpowiedzi
Twoja historia wyników
Nie rozwiązałeś tego quizu